Allá abajo en Moyahua /

Este libro aborda la historia de Moyahua, pueblo del estado de Zacatecas, desde una perspectiva de la vida cotidiana y las tradiciones que allí han subsistido a través del tiempo.

Wedi'i Gadw mewn:
Manylion Llyfryddiaeth
Prif Awdur: Estrada Reynoso, Ezequiel (autor)
Fformat: Llyfr
Iaith:Sbaeneg
Pynciau:
Tagiau: Ychwanegu Tag
Dim Tagiau, Byddwch y cyntaf i dagio'r cofnod hwn!

MARC

LEADER 00000nam^a2200000^a^4500
001 000101380
005 20250521000000.0
009 20260310093236.263
037 |a Acervo ITESO - Biblioteca 
041 |a ESP 
082 |a 972. 43  |b EST 
100 |a Estrada Reynoso, Ezequiel  |e (autor) 
245 1 0 |a Allá abajo en Moyahua /  |c E. Estrada Reynoso. 
264 |a Guadalajara, México :  |b editorial no identificada,  |c 1989 
300 |a 127 p. 
336 |a texto  |b txt  |2 rdacontenido 
337 |a sin mediación  |b n  |2 rdamedio 
338 |a volumen  |b nc  |2 rdasoporte 
520 |a Este libro aborda la historia de Moyahua, pueblo del estado de Zacatecas, desde una perspectiva de la vida cotidiana y las tradiciones que allí han subsistido a través del tiempo. 
649 |a XX 
650 |a Moyahua, Zacatecas -  |x Historia 
650 |a Zacatecas -  |x Historia 
650 |a México -  |x Historia 
650 |a Prácticas Culturales -  |z Moyahua, Zacatecas 
650 |a Prácticas Culturales -  |z Moyahua, Zacatecas 
650 |a Vida Cotidiana -  |z Moyahua, Zacatecas 
910 |a Fondo Jesús Rodríguez 
920 |a Impresos - Libros 
930 |a Fondos Especiales 
905 |a 113 
901 |a 0500036947  |b IT2  |c ESP  |u 20250521 
902 |a https://opac.biblio.iteso.mx/vufind/Record/000101380